000 00851nam a2200229 a 4500
001 000024722
005 20200930023330.0
008 110202s1982 sp r 000 0 spa d
020 _a842760582x
040 _aDO-SdBNP
_bspa
_cBNPHU
082 _ann*
_bnn*
100 1 _aKautsky, Karl.
_948255
245 1 0 _aParlamentarismo y democracia /
_cKarl Kautsky ; traducción de Luis Delgado Suárez ; edición de Heleno Saña.
260 _aMadrid :
_bNacional,
_c1982.
300 _a209 p. ;
_c20 cm.
490 1 _aClásicos para una Biblioteca Contemporanea. Pensamiento
_v18
500 _aIncluye referencias bibliográficas y notas al pie de las páginas.
700 1 _aDelgado Suárez, Luis,
_etr.
_950722
700 1 _aSaña, Heleno,
_eed.
_950723
830 0 _aClásicos para una Biblioteca Contemporanea.
_pPensamiento,
_v18
_918430
049 _aBNGR
999 _c24215
_d24215